Normas para a atividade extra judicial estado do Tocantins : (Registro nro. 173801)
[ vista simple ]
| 000 -LEADER | |
|---|---|
| fixed length control field | 00992nam a22002771i 4500 |
| 001 - CONTROL NUMBER | |
| control field | bslw10112603 |
| 006 - FIXED-LENGTH DATA ELEMENTS--ADDITIONAL MATERIAL CHARACTERISTICS--GENERAL INFORMATION | |
| fixed length control field | m o d |
| 007 - PHYSICAL DESCRIPTION FIXED FIELD--GENERAL INFORMATION | |
| fixed length control field | cr un ---uuuua |
| 008 - FIXED-LENGTH DATA ELEMENTS--GENERAL INFORMATION | |
| fixed length control field | 231228s2023 bl a o 000 0 por d |
| 035 ## - | |
| -- | 42467 |
| 040 ## - CATALOGING SOURCE | |
| Original cataloging agency | UtOrBLW |
| Language of cataloging | eng |
| Description conventions | rda |
| Transcribing agency | UtOrBLW |
| 043 ## - | |
| -- | s-bl--- |
| 050 #4 - | |
| -- | KHD2665 |
| -- | .N67 2023 |
| 082 04 - | |
| -- | 347.81077 |
| -- | 23 |
| 245 00 - TITLE STATEMENT | |
| Title | Normas para a atividade extra judicial estado do Tocantins : |
| Remainder of title | instituída pelo provimento No 02/2013 : atualizada até o provimento No 16/2022 / |
| Statement of responsibility, etc | Anderson Scherner Kist, organizador. |
| 264 #1 - | |
| -- | Indaiatuba : |
| -- | Editoria Foco, |
| -- | 2023. |
| 300 ## - PHYSICAL DESCRIPTION | |
| Extent | 1 online resource (xxii, 338 pages) : |
| Other physical details | illustrations |
| 336 ## - | |
| -- | text |
| -- | txt |
| -- | rdacontent |
| 337 ## - | |
| -- | computer |
| -- | c |
| -- | rdamedia |
| 338 ## - | |
| -- | online resource |
| -- | cr |
| -- | rdacarrier |
| 650 #0 - SUBJECT ADDED ENTRY--TOPICAL TERM | |
| Topical term or geographic name as entry element | Judgments |
| Geographic subdivision | Brazil |
| -- | Tocantins. |
| 700 1# - ADDED ENTRY--PERSONAL NAME | |
| Personal name | Scherner Kist, Anderson, |
| Relator term | organizer. |
| 856 40 - LOCALIZACIÓN Y ACCESO ELECTRÓNICO | |
| Identificador Uniforme del Recurso (URI/URL) | https://app.vlex.com/#/sources/42467 |
| 942 ## - | |
| -- | RAA |
| 999 ## - | |
| -- | 173801 |
| -- | 173801 |
No hay ítems disponibles.